00509 2200169 4500001002300000005001700023006001900040008004100059035002600100084001500126100002700141245006600168260003800234990002300272990002100295990002300316NBPULOT00000000000130720140208083125.0a ||| | 171130| ||| |  a 0010-021400000000225 a 342 Red U0 a Redaksi Kawan Pustaka00a UUD 45 & Perubahannya Susunan Kabinet RI Lengkap (1945-2014) a Jakarta b Kawan Pustaka c 2004 a 10383/APBDII/2010 a 10382/APBD/2010 a10381/APBD.II/2010